[Event "Pula op"]
[Site "Pula"]
[Date "2009.06.30"]
[Round "4"]
[White "Franic, Milan"]
[Black "Dimitrijevic, Darko"]
[Result "1-0"]
[WhiteElo "2421"]
[BlackElo "2256"]
[PlyCount "89"]
[EventDate "2009.06.27"]
[EventType "swiss"]
[EventRounds "9"]
[EventCountry "CRO"]
[SourceTitle "CBM 131 Extra"]
[Source "ChessBase"]
[SourceDate "2009.09.03"]
[SourceVersion "2"]
[SourceVersionDate "2009.09.16"]
[SourceQuality "1"]

1. d4 f5 2. g3 Nf6 3. Bg2 d5 4. Nf3 c6 5. 0-0 Be6 6. b3 Nbd7 7. Ba3 g6 8. Nbd2 Bh6 9. e3 Qa5 10. Qc1 g5 11. c4 g4 12. Ne1 Ne4 13. b4 Qa4 14. cxd5 cxd5 15. Nb1 0-0 16. Nd3 b6 17. Nb2 Qb5 18. Nc3 Qa6 19. Nbd1 Ndf6 20. b5 Qb7 21. Qb2 Rfc8 22. Bb4 Qd7 23. a4 Ne8 24. h3 gxh3 25. Bxh3 N8d6 26. Qe2 Bg7 27. Rc1 Kh8 28. Bg2 Bf7 29. Nb2 Qe6 30. Nd3 Qh6 31. Nf4 Nxc3 32. Rxc3 Rxc3 33. Bxc3 Ne4 34. Bb4 Bf6 35. Rc1 Qf8 36. Bh3 Rc8 37. Rc2 Nd6 38. Bxd6 exd6 39. Bxf5 Rc4 40. Bd3 Qc8 41. Bxc4 dxc4 42. Qf3 Qf5 43. e4 Qg5 44. Qe3 Kg7 45. Nd5 1-0